| 000 | 00339nam a2200133Ia 4500 | ||
|---|---|---|---|
| 008 | 210210b1977 xxu||||| |||| 00| 0 eng d | ||
| 082 | _a346.021 WORK | ||
| 100 | _a- | ||
| 245 | _aWorkmen's compensation act with rules. | ||
| 260 |
_aAllahabad _bAllahabad Law Agency _c1977 |
||
| 300 | _a58 | ||
| 690 | _aCommercial Law | ||
| 906 | _aSG01165 | ||
| 999 |
_c112184 _d112184 |
||